Tsunami /
Román, v němž do nejednoduchých rodinných vztahů osudně zasáhnou ozvuky přírodní katastrofy.
Uloženo v:
| Hlavní autor: | |
|---|---|
| Další autoři: | |
| Médium: | E-audiokniha |
| Jazyk: | Czech |
| Vydáno: |
Praha :
Voxi,
[2022]
|
| Témata: | |
| Tagy: |
Žádné tagy |
| LEADER | 03477nim a2200697 i 4500 | ||
|---|---|---|---|
| 001 | 313144 | ||
| 003 | CZ PrSKC | ||
| 005 | 20260601215736.0 | ||
| 007 | sd fungnnmmned | ||
| 008 | 221021t20222022xr nnnng f n cze | ||
| 015 | |a cnb003465855 | ||
| 024 | 3 | |a 8594050434684 | |
| 040 | |a ABA001 |b cze |e rda | ||
| 072 | 7 | |a 821.162.3-3 |x Česká próza |2 Konspekt | |
| 080 | |a 821.162.3-31 |2 MRF | ||
| 080 | |a (0:82-31) |2 MRF | ||
| 080 | |a (086.7)08 |2 MRF | ||
| 080 | |a (086.76) |2 MRF | ||
| 100 | 1 | |a Krajčo Babinská, Karin, |d 1974- |7 xx0064428 |4 aut |4 drt | |
| 245 | 1 | 0 | |a Tsunami / |c Karin Krajčo Babinská |
| 264 | 1 | |a Praha : |b Voxi, |c [2022] | |
| 264 | 4 | |c ©2022 | |
| 300 | |a 1 audiodisk (10 hod., 10 min., 13 sek.) ; |c 12 cm | ||
| 306 | |a 101013 | ||
| 336 | |a mluvené slovo |b spw |2 rdacontent | ||
| 337 | |a audio |b s |2 rdamedia | ||
| 338 | |a audiodisk |b sd |2 rdacarrier | ||
| 344 | |a digital |b optical |2 rda | ||
| 347 | |a audio soubor |b MP3 |2 rda | ||
| 500 | |a Název z disku | ||
| 500 | |a Copyright Albatros Media | ||
| 500 | |a Nezkrácená audiokniha ve formátu mp3 | ||
| 500 | |a Podle stejnojmenné knihy vydané nakladatelstvím CPress v roce 2022 | ||
| 508 | |a Režie Karin Krajčo Babinská | ||
| 511 | 0 | |a Čte Richard Krajčo | |
| 520 | 2 | |a Román, v němž do nejednoduchých rodinných vztahů osudně zasáhnou ozvuky přírodní katastrofy. |b Den Eminých narozenin se kvapem blíží. Kromě členů její rodiny se však na oslavu chystá i jeden nezvaný host - minulost, kterou všichni považovali za dávno mrtvou. V návalu nečekaných emocí tak začnou ožívat události z jedné dovolené v Thajsku, která otřásla osudy všech zúčastněných. Polozapomenuté vzpomínky se vracejí se silou tsunami a hrozí, že rodinu plnou tajemství rozmetají na kousky. Nakladatelská anotace. | |
| 655 | 7 | |a české romány |7 fd133974 |2 czenas | |
| 655 | 7 | |a audioknihy |7 fd119452 |2 czenas | |
| 655 | 7 | |a kompaktní disky |7 fd201991 |2 czenas | |
| 700 | 1 | |a Krajčo, Richard, |d 1977- |7 ja20020080348 |4 nrt | |
| 900 | |a ABA001 |b 21 | ||
| 044 | |a xr | ||
| 505 | 0 | 0 | |t I Cast 29 2 2020 1 Kapitola Ema (17 min., 28 sek.) |
| 505 | 0 | 0 | |t I Cast 2 Kapitola Milan (18 min., 0 sek.) |
| 505 | 0 | 0 | |t I Cast 3 Kapitola Adela (22 min., 49 sek.) |
| 505 | 0 | 0 | |t I Cast 4 Kapitola Julie (26 min., 23 sek.) |
| 505 | 0 | 0 | |t II Cast 1 Kapitola 21 12 2004 (46 min., 52 sek.) |
| 505 | 0 | 0 | |t II Cast 2 Kapitola 22 12 2004 (1 hod., 10 min., 38 sek.) |
| 505 | 0 | 0 | |t II Cast 3 Kapitola 23 12 2004 (1 hod., 10 min., 33 sek.) |
| 505 | 0 | 0 | |t II Cast 4 Kapitola 24 12 2004 (1 hod., 9 min., 50 sek.) |
| 505 | 0 | 0 | |t II Cast 5 Kapitola 25 12 2004 (1 hod., 3 min., 1 sek.) |
| 505 | 0 | 0 | |t II Cast 6 Kapitola 26 12 2004 (1 hod., 0 min., 50 sek.) |
| 505 | 0 | 0 | |t II Cast 7 Kapitola 27 12 2004 (11 min., 23 sek.) |
| 505 | 0 | 0 | |t III Cast 1 3 2020 1 Kapitola Setkani Po Letech (13 min., 3 sek.) |
| 505 | 0 | 0 | |t III Cast 2 Kapitola Pad (25 min., 15 sek.) |
| 505 | 0 | 0 | |t III Cast 3 Kapitola Pravda A Lez (20 min., 25 sek.) |
| 505 | 0 | 0 | |t III Cast 4 Kapitola Jaka Mama Takova Dcera (35 min., 26 sek.) |
| 505 | 0 | 0 | |t III Cast 5 Kapitola Otec (36 min., 54 sek.) |
| 910 | |a RBIT002 | ||
| 998 | |d 362540 |a https://core.palmknihy.cz/api/books/362540/cover?sia8ts |b https://core.palmknihy.cz/api/books/362540/cover/400?sia8ts |c https://core.palmknihy.cz/api/books/362540/cover/50?sia8ts |e 2029-12-31 |i 8594050434684 |l 36600 |q 49 |r 1 |s https://www.palmknihy.cz/kniha/362540 |t audiobook |y 2022 |z 0 | ||
| 999 | |d 313142 | ||